Η ματαιωμένη ουτοπία : Γιάννης Γαβριηλίδης, Νίκος Καραγιάννης και άλλοι σύντροφοι
Αποθηκεύτηκε σε:
| Κύριος συγγραφέας: | |
|---|---|
| Άλλοι συγγραφείς: | , |
| Μορφή: | Βιβλίο |
| Γλώσσα: | Greek |
| Δημοσίευση: |
[Αθήνα] :
Ταξιδευτής,
[2008].
|
| Σειρά: | Έκκεντρη ιστορία--Ιστορία από το περιθώριο
|
| Θέματα: | |
| Ετικέτες: |
Προσθήκη ετικέτας
Δεν υπάρχουν, Καταχωρήστε ετικέτα πρώτοι!
|
MARC
| LEADER | 00000cam a2200000 i 4500 | ||
|---|---|---|---|
| 001 | 1/96731 | ||
| 008 | 081106s2008 gr | ||| |||| ||gre|| | ||
| 020 | |a 9789606748318 | ||
| 035 | |l 10101450 | ||
| 040 | |a GR-MY-UA |b gre |e aacr | ||
| 041 | 0 | |a gre | |
| 082 | 7 | |a 938.774 |2 (22) | |
| 100 | 1 | |a Κόκκινος, Γιώργος, |d 1960- | |
| 245 | 1 | 2 | |a Η ματαιωμένη ουτοπία : |b Γιάννης Γαβριηλίδης, Νίκος Καραγιάννης και άλλοι σύντροφοι / |c Γιώργος Κόκκινος, Γαβρίλης Λαμπάτος, Αφροδίτη Αθανασοπούλου. |
| 260 | |a [Αθήνα] : |b Ταξιδευτής, |c [2008]. | ||
| 300 | |a 351 σ. : |b φωτ. ; |c 24 εκ. | ||
| 490 | 1 | |a (Έκκεντρη ιστορία--Ιστορία από το περιθώριο) | |
| 504 | |a Περιλαμβάνει βιβλιογραφίες. | ||
| 600 | 1 | 0 | |a Καραγιάννης, Νίκος Π., |d 1907-1968. |
| 600 | 1 | 0 | |a Γαβριηλίδης, Γιάννης. |
| 610 | 2 | 0 | |a Εθνικό Απελευθερωτικό Μέτωπο. |
| 651 | 0 | |a Greece |x History |y Civil War, 1944-1949 |x Personal narratives. | |
| 700 | 1 | |a Αθανασοπούλου, Αφροδίτη. | |
| 700 | 1 | |a Λαμπάτος, Γαβρίλης, |d 1963- | |
| 830 | 0 | |a Έκκεντρη ιστορία--Ιστορία από το περιθώριο | |
| 852 | |a INST |b RHODES |e 20081106 |h 938.774 ΚΟΚ |p 005400031168 |q 005400031168 |t BK |y 0 | ||
| 901 | |a BIBL4-2008-3 | ||
| 909 | |a Ρ |b 153519 | ||
| 970 | |a ΧΑΡΙΟΠΟΛΙΤΟΥ |b ΚΩΝΣΤΑΝΤΙΝΑ |z 2008/11/06 | ||